Greek political oratory
Αποθηκεύτηκε σε:
| Άλλοι συγγραφείς: | |
|---|---|
| Μορφή: | Βιβλίο |
| Γλώσσα: | English Ancient Greek |
| Δημοσίευση: |
Middlesex, England :
Penguin Books,
c1970.
|
| Σειρά: | Penguin classics
|
| Θέματα: | |
| Ετικέτες: |
Προσθήκη ετικέτας
Δεν υπάρχουν, Καταχωρήστε ετικέτα πρώτοι!
|
MARC
| LEADER | 00000cam a2200000 a 4500 | ||
|---|---|---|---|
| 001 | 1/120963 | ||
| 008 | 200219s1970####enk| ||| |||| ||eng|| | ||
| 040 | |a GR-MyUa |b gre |c GR-MyUa |e AACR2 | ||
| 041 | 1 | |a eng |h grc | |
| 082 | 7 | |a 885 |2 (23) | |
| 245 | 0 | 0 | |a Greek political oratory / |c selected and translated with an introduction by A.N.W. Saunders. |
| 260 | |a Middlesex, England : |b Penguin Books, |c c1970. | ||
| 300 | |a 271 σ. ; |c 18 εκ. | ||
| 490 | 1 | |a (Penguin classics) | |
| 504 | |a Βιβλιογραφία: σ. [272] | ||
| 650 | 0 | |a Speeches, addresses, etc., Greek. | |
| 700 | 1 | |a Saunders, A. N. W. |e trl | |
| 830 | 0 | |a Penguin classics | |
| 920 | |a Σαρτζετάκης |b Ιωάννης |y Σύρος |z 2020-02 | ||
| 970 | |a Κοντού |b Παρασκευή |z 19/02/2020 | ||